000 00941nam a2200325Ia 4500
001 Z_6144
003 CHAP
008 220113s1997 xx 000 0 und d
010 _a169373
020 _a968-24-5448-4
040 _cCHAP
082 _a526.982 S54
100 _aSifuentes R., Francisco Javier
_9105892
245 _aIntroduccion a la fotogrametría /
_cFrancisco Javier Sifuentes R.; coautor Ricardo Vazquez A.
260 _aMéxico :
_bTrillas :,
_bUAAAM,
_c1997
300 _a115 p.
503 _aej.1: - ej.4: C/E \ ej.5: 0046
504 _aBibliografía: p. 107
650 _aFotografía
_xAparatos e instrumentos
_942711
650 _aFotogrametría
_942720
650 _aFotogrametría aérea
_942727
650 _aLevantamiento fotográfico
_966424
700 _aVazquez A., Ricardo, coaut.
_9143978
901 _a526.982 S54
902 _aM
910 _a1997
942 _c1
942 _cc1
999 _c169373
_d169373